| 000 | 00637nam a22001935i 4500 | ||
|---|---|---|---|
| 001 | 99024 | ||
| 003 | ES-MaACL | ||
| 005 | 20250901032926.0 | ||
| 007 | t| | ||
| 008 | 950914s1832 xxk ||||1| eng d | ||
| 040 |
_aCAM _bspa _cCAM |
||
| 100 | 1 |
_aEckford, James. _946608 |
|
| 245 | 1 | 0 |
_aFacts and observations regarding the disease called epidemic chollera as it recently appeared in Prestonpans and its vicinity / _cby James Eckford. |
| 260 |
_aEdinburgh, _cM'Lachlan & Stewart _c1832 ( _fJames Colston) |
||
| 300 |
_a79 p. ; _c22 cm. |
||
| 650 | 7 |
_aCólera _2embne _911143 |
|
| 852 |
_aES-MaACL _jT-489-F-1 |
||
| 999 |
_c99024 _d99024 |
||